|
|
|
|
| LEADER |
00000n m0a2200000 4500 |
| 001 |
17385 |
| 005 |
20231030190855.0 |
| 010 |
|
|
|a 5852700827
|
| 035 |
|
|
|a (RuTPU)RU\TPU\book\17520
|
| 035 |
|
|
|a BOOK00002208
|
| 090 |
|
|
|a 17385
|
| 100 |
|
|
|a 20011209d1994 km y0rusy50 ca
|
| 101 |
0 |
|
|a rus
|
| 102 |
|
|
|a RU
|
| 105 |
|
|
|a a f 001zy
|
| 200 |
1 |
|
|a Народы России
|e энциклопедия
|f гл. ред. В. А. Тишков
|
| 210 |
|
|
|a Москва
|c Большая Российская энциклопедия
|d 1994
|
| 215 |
|
|
|a 479 с.
|c ил.
|
| 320 |
|
|
|a Библиогр.: с. 467-471
|
| 320 |
|
|
|a Указ. этнонимов: с. 471-476
|
| 320 |
|
|
|a Аннот. предм. указ.: с. 476-478
|
| 610 |
1 |
|
|a история
|
| 610 |
1 |
|
|a Россия
|
| 610 |
1 |
|
|a этнография
|
| 610 |
1 |
|
|a быт
|
| 610 |
1 |
|
|a культура
|
| 610 |
1 |
|
|a традиции
|
| 610 |
1 |
|
|a народы России
|
| 610 |
1 |
|
|a энциклопедии
|
| 686 |
|
|
|a Т52(2)я2
|v LBC/SL-A
|2 rubbk
|
| 702 |
|
1 |
|a Тишков
|b В. А.
|4 340
|
| 801 |
|
0 |
|a RU
|b 63413507
|c 20011209
|g PSBO
|
| 801 |
|
2 |
|a RU
|b 63413507
|c 20130507
|g PSBO
|
| 942 |
|
|
|c BK
|